000
00294 a2200109 4500
001
ART_7238
005
20260410161623.0
008
260409a
245
1
0
_a
Memoria de los administradores
100
1
_a
Piñeiro, Horacio
773
0
_t
Enfoques
_g
- Nº 10 (oct. 2011)
_w
REV416
999
_c
11733
_d
11733